| 000 | 00871cam a2200265 i 4500 | ||
|---|---|---|---|
| 999 |
_c25183 _d25183 |
||
| 001 | 3244937 | ||
| 003 | BDDh-ASL | ||
| 005 | 20231015030447.0 | ||
| 008 | 800903r19801927nyu 000 0 eng | ||
| 010 | _a 80023196 | ||
| 020 | _a0517331942 | ||
| 040 |
_aDLC _cDLC _dDLC _dBDDh-ASL |
||
| 050 | 0 | 0 |
_aHS425 _b.W56 1980 |
| 082 | 0 | 0 |
_a366.1 _219 _bWIM |
| 100 | 1 |
_aWilmshurst, W. L. _q(Walter Leslie), _d1867- |
|
| 245 | 1 | 4 |
_aThe meaning of Masonry / _cby W.L. Wilmshurst. |
| 250 | _aBell 1980 ed. | ||
| 260 |
_aNew York : _bBell Pub. Co., _cc1980. |
||
| 300 |
_a216 p. ; _c23 cm. |
||
| 500 | _aReprint of the 5th ed. (1927) published by Rider, London. | ||
| 650 | 0 |
_aFreemasonry _xSymbolism. |
|
| 856 | 4 | 2 |
_3Publisher description _uhttp://www.loc.gov/catdir/description/random0413/80023196.html |
| 906 |
_a7 _bcbc _corignew _du _eocip _f19 _gy-gencatlg |
||
| 942 |
_2ddc _cBK |
||